000 00567nam a22001937a 4500
005 20180627155546.0
010 _aENG-123324
020 _c1200.00
_a9789381284452
035 _aEN-106856
037 _bDBAD/PUB
082 _a642
100 _aGurminder Preet Singh
245 _aFood and beverage service /
_c by Gurminder Preet Singh
260 _aNew Delhi
_bRishabh Books
_c2016
270 _a4575/15,,Ansari Road,Daryaganj,
_bNew Delhi
_e110002
300 _a283p.
_c22cm(Hb)
500 _aIt includes index
942 _2ddc
_cEN
_mGUR
_h642
999 _c153163
_d153163